000 00973nas a2200337 4500
001 BR0400464
003 BR-BrBNA
005 20231205104310.0
007 ta
008 230509b bl.|||p| |||| 00| 00por d
040 _aBR-BrBNA
_bpor
_cBiblioteca Nacional de Agricultura
041 _a(Pt)
072 _aF60
100 1 _aGil, E.S.
100 1 _aSantos, A. de S.
245 1 _aCondumetria diferencial em sistemas de injeção em fluxo: determinação de uréia
650 _aFEIJÃO
650 _aURÉIA
650 _aURINA
650 _aÍON
650 _aATIVIDADE ENZÍMICA
650 _aAMÔNIA
650 _aUREASE
650 _aPOTENCIAL ELÉTRICO
650 _aCARBONO
650 _aFÍSICA
650 _aQUÍMICA
773 0 _tEnsaios e Ciências. Série Ciências Biológicas, Agrárias e da Saúde (Brazil)
_xISSN 1415-6938
_g(Aug 2001), v. 5(2) p. 51-63
_wBR0400464
909 _a202311
_bLúcia
_c55
_dLúcia Elande
942 _2AGRIS
_n0
_cANA
999 _c177427
_d177427